[Event "Nairobi Mashariki op"]
[Site "Nairobi"]
[Date "2024.09.22"]
[Round "5"]
[White "Machar, David Yol"]
[Black "Mugambi, Christian Mwamba"]
[Result "1-0"]
[WhiteElo "2020"]
[BlackElo "1645"]
[PlyCount "70"]
[EventDate "2024.09.21"]
[EventType "swiss"]
[EventRounds "5"]
[EventCountry "KEN"]
[SourceTitle "EXT 2025"]
[Source "ChessBase"]
[SourceDate "2024.10.14"]
[SourceVersion "1"]
[SourceVersionDate "2024.10.14"]
[SourceQuality "1"]

1. e4 d6 2. d4 Nf6 3. Nd2 g6 4. Bd3 Bg7 5. f4 0-0 6. Ngf3 c6 7. c3 Nbd7 8. e5 Nd5 9. Ne4 dxe5 10. fxe5 c5 11. 0-0 cxd4 12. cxd4 N7b6 13. Nc3 Bg4 14. h3 Bxf3 15. Rxf3 Rc8 16. Bc2 Nc4 17. Bb3 Nxc3 18. bxc3 Qd7 19. Rb1 a6 20. a4 e6 21. Qe2 Na5 22. Ba3 Rfd8 23. Bc2 Nc4 24. Bc1 h6 25. Be4 b6 26. Rb4 b5 27. axb5 axb5 28. Rd3 Qa7 29. Rxb5 Nxe5 30. Rb7 Qa1 31. Qf1 Nd7 32. Bb2 Qxf1+ 33. Kxf1 Nc5 34. Rd2 Nxb7 35. Bxb7 Rc7 1-0

[Event "Nairobi Mashariki op"]
[Site "Nairobi"]
[Date "2024.09.21"]
[Round "1"]
[White "Machar, David Yol"]
[Black "Kizito, Joseph"]
[Result "1-0"]
[WhiteElo "2020"]
[BlackElo "1684"]
[PlyCount "101"]
[EventDate "2024.09.21"]
[EventType "swiss"]
[EventRounds "5"]
[EventCountry "KEN"]
[SourceTitle "EXT 2025"]
[Source "ChessBase"]
[SourceDate "2024.10.14"]
[SourceVersion "1"]
[SourceVersionDate "2024.10.14"]
[SourceQuality "1"]

1. e4 c5 2. Nf3 d6 3. d4 cxd4 4. Nxd4 Nf6 5. Nc3 Nc6 6. Bc4 e6 7. Bg5 Be7 8. Ndb5 d5 9. Bxf6 Bxf6 10. exd5 Na5 11. Qd3 a6 12. Nd4 b5 13. Bb3 0-0 14. 0-0-0 Nxb3+ 15. Nxb3 Bxc3 16. Qxc3 exd5 17. Qe5 Bb7 18. Nc5 Bc6 19. Rhe1 Re8 20. Qc3 Qg5+ 21. Kb1 Rxe1 22. Rxe1 d4 23. Qxd4 Rd8 24. h4 Qd2 25. Qxd2 Rxd2 26. Nd3 h5 27. Kc1 Rxd3 28. cxd3 Bxg2 29. Re8+ Kh7 30. Re7 Bd5 31. Re5 Bxa2 32. Rxh5+ Kg6 33. Rc5 f6 34. Kc2 Bf7 35. Kc3 Be8 36. Kb4 Bd7 37. Ka5 f5 38. Kxa6 Kh6 39. Kb6 g6 40. f3 Kh5 41. Rc7 Kxh4 42. Rxd7 Kg3 43. Rg7 Kxf3 44. Kc5 Ke3 45. d4 f4 46. Rxg6 b4 47. d5 f3 48. d6 f2 49. Rf6 b3 50. d7 Kd2 51. Rxf2+ 1-0